Actas de derecho industrial y derecho de autor. (Registro nro. 159066)

Detalles MARC
000 -LEADER
fixed length control field 01681ny a22003493n 4500
008 - FIXED-LENGTH DATA ELEMENTS--GENERAL INFORMATION
fixed length control field 950503s1994 sp s 000 0 spa c
017 ## -
-- D.L. M35697-1994
020 ## - INTERNATIONAL STANDARD BOOK NUMBER
International Standard Book Number 9788472482265
035 ## -
-- 774
040 ## - CATALOGING SOURCE
Original cataloging agency UMA.CEE
Modifying agency vLex
080 ## -
-- 347.7(460)(063)
090 ## -
-- 542
-- 542
245 00 - TITLE STATEMENT
Title Actas de derecho industrial y derecho de autor.
Number of part/section of a work Tomo XV,
Name of part/section of a work 1993
Medium [Recurso electrónico]
Statement of responsibility, etc Instituto de Derecho Industrial-Departamento de Derecho Mercantil y del Trabajo, Universidad de Santiago (España)
256 ## -
-- Servicio en línea
260 ## - PUBLICATION, DISTRIBUTION, ETC. (IMPRINT)
Place of publication, distribution, etc Santiago de Compostela :
Name of publisher, distributor, etc Universidad, Departamento de Derecho Mercantil y del Trabajo ;
Place of publication, distribution, etc Madrid :
Name of publisher, distributor, etc Marcial Pons, Ediciones jurídicas
Date of publication, distribution, etc [1994]
300 ## - PHYSICAL DESCRIPTION
Extent 907 p. ;
504 ## - BIBLIOGRAPHY, ETC. NOTE
Bibliography, etc Bibliografía: p. 871-902
504 ## - BIBLIOGRAPHY, ETC. NOTE
Bibliography, etc Índice
506 1# - RESTRICTIONS ON ACCESS NOTE
Terms governing access Contenido solo disponible en los productos indicados
Authorized users vLex Global
-- vLex Global (Academic Edition, excluding Law Schools)
-- vLex Global (U.S. Academic Edition, Law Schools)
-- vLex Global (U.S. Academic Edition, excluding Law Schools)
-- vLex Global (Academic Edition, Law Schools)
650 07 - SUBJECT ADDED ENTRY--TOPICAL TERM
Topical term or geographic name as entry element Derecho industrial
Source of heading or term Tesauro vLex
650 07 - SUBJECT ADDED ENTRY--TOPICAL TERM
Topical term or geographic name as entry element Industrias
Source of heading or term Tesauro vLex
650 07 - SUBJECT ADDED ENTRY--TOPICAL TERM
Topical term or geographic name as entry element Propiedad industrial
Source of heading or term Tesauro vLex
650 07 - SUBJECT ADDED ENTRY--TOPICAL TERM
Topical term or geographic name as entry element Civil
Source of heading or term Tesauro vLex
650 07 - SUBJECT ADDED ENTRY--TOPICAL TERM
Topical term or geographic name as entry element Propiedad intelectual
Source of heading or term Tesauro vLex
650 07 - SUBJECT ADDED ENTRY--TOPICAL TERM
Topical term or geographic name as entry element Derechos de autor
Source of heading or term Tesauro vLex
710 2# - ADDED ENTRY--CORPORATE NAME
Corporate name or jurisdiction name as entry element Instituto de Derecho Industrial (Santiago de Compostela)
710 2# - ADDED ENTRY--CORPORATE NAME
Corporate name or jurisdiction name as entry element Universidad de Santiago de Compostela.
Subordinate unit Departamento de Derecho Mercantil y del Trabajo
740 0# -
-- vLex Libros (Servicios en línea)
856 40 - LOCALIZACIÓN Y ACCESO ELECTRÓNICO
Identificador Uniforme del Recurso (URI/URL) https://app.vlex.com/#/sources/774
942 ## -
-- RAA
999 ## -
-- 159066
-- 159066

No hay ítems disponibles.


CONTACTO


NOSOTROS


SITIOS DE INTERES

coordinacion.biblioteca.biblioteca@unienlinea.mx Misión, Visión y Objetivos Bases de datos
Directorio Bibliotecas Digitales y Repositorios
Normatividad Revistas y artículos
Convenios interbibliotecarios
Boletines



Hecho en México. Universidad Insurgentes (UIN). Todos los derechos reservados 2024. Esta página y sus contenidos pueden ser reproducidos con fines no lucrativos, siempre y cuando no se mutile, se cite la fuente completa y su dirección electrónicas. De otra forma requiere permiso previo por escrito de la institución




2024 Copyright Universidad Insurgentes | www.bibliouin.com.mx